Homebuyer survey to home condition report (Record no. 104774)
[ view plain ]
| 000 -LEADER | |
|---|---|
| fixed length control field | 01315cam a22002655a 4500 |
| 001 - CONTROL NUMBER | |
| control field | ##L131504 |
| 008 - FIXED-LENGTH DATA ELEMENTS--GENERAL INFORMATION | |
| fixed length control field | 051108s2006 xxkdo f 000 0 eng d |
| 020 ## - INTERNATIONAL STANDARD BOOK NUMBER | |
| International Standard Book Number | 1842192469 |
| 035 ## - SYSTEM CONTROL NUMBER | |
| System control number | (Sirsi) u131504 |
| 041 0# - LANGUAGE CODE | |
| Language code of text/sound track or separate title | eng |
| 050 04 - LIBRARY OF CONGRESS CALL NUMBER | |
| Classification number | 333.332 $1 8 |
| 100 1# - MAIN ENTRY--PERSONAL NAME | |
| Personal name | Callaghan, Stephen |
| 245 00 - TITLE STATEMENT | |
| Title | Homebuyer survey to home condition report |
| Remainder of title | making the change |
| 260 ## - PUBLICATION, DISTRIBUTION, ETC. | |
| Place of publication, distribution, etc. | London |
| Name of publisher, distributor, etc. | RICS |
| Date of publication, distribution, etc. | 2006 |
| 300 ## - PHYSICAL DESCRIPTION | |
| Extent | 149p. |
| Dimensions | 30cm. |
| 350 ## - PRICE (NR) (BK AM CF MU VM SE) [OBSOLETE] | |
| Price | 45 |
| 520 ## - SUMMARY, ETC. | |
| Summary, etc. | Currently only one in five home buyers has any form of survey carried out. From June 2007, sellers will be required to provide a Home Condition Report (HCR) in England and Wales. This book has been written for potential licensed home inspectors, as well as professionals already involved in the preparation of residential building reports. It aims to provide a clear understanding of the background and requirements of HCR framework; understand the evolution of the residential survey marketplace; and instruct professionals on how to improve existing skills and strengths. |
| 590 ## - LOCAL NOTE (RLIN) | |
| Local note | IKA310106 |
| 650 24 - SUBJECT ADDED ENTRY--TOPICAL TERM | |
| Topical term or geographic name entry element | RICS HOMEBUYER SURVEY AND VALUATION |
| 650 ## - SUBJECT ADDED ENTRY--TOPICAL TERM | |
| Topical term or geographic name entry element | HOUSING ACT 2004 PART V |
| 651 #4 - SUBJECT ADDED ENTRY--GEOGRAPHIC NAME | |
| Geographic name | United Kingdom |
| Chronological subdivision | |
| 690 ## - LOCAL SUBJECT ADDED ENTRY--TOPICAL TERM (OCLC, RLIN) | |
| Topical term or geographic name as entry element | PROPERTY-PROPERTY VALUATION AND APPRAISAL |
| 710 2# - ADDED ENTRY--CORPORATE NAME | |
| Corporate name or jurisdiction name as entry element | Royal Institution of Chartered Surveyors |
| 9 (RLIN) | 4900 |
| 942 ## - ADDED ENTRY ELEMENTS (KOHA) | |
| Suppress in OPAC | 0 |
| Withdrawn status | Lost status | Source of classification or shelving scheme | Damaged status | Not for loan | Home library | Current library | Shelving location | Date acquired | Total Checkouts | Full call number | Barcode | Date last seen | Copy number | Price effective from | Koha item type | Date last checked out |
|---|---|---|---|---|---|---|---|---|---|---|---|---|---|---|---|---|
| Dewey Decimal Classification | London | London | RICS Boxes | 26/01/2006 | RICS 2006/2 | 30072410 | 06/08/2019 | 1 | 06/08/2019 | Archive | ||||||
| Dewey Decimal Classification | London | London | Folio | 12/09/2008 | 5 | F333.332 CAL | 30072413 | 06/08/2019 | 3 | 06/08/2019 | Reference material | 16/11/2009 | ||||
| Dewey Decimal Classification | London | London | Folio | 12/09/2008 | F333.332 CAL | 30071910 | 06/08/2019 | 4 | 06/08/2019 | Book |